|
|
แสดงรายละเอียดบรรณานุกรม |
|
|
Brief Record
: Get Marc (ISO 2709)
: E-mail record
: |
| LEADER 00000nama 2200000uu 4500 | |||
| 001 180061 | |||
| 003 ULIBM | |||
| 008 040531s1950 th m m a000 0 tha d | |||
| 041 eng | |||
| 050 WY158 S469 | |||
| 100 Seltzer, Albert P. | |||
| 245 Diseases of the eye , ear , nose , and throat : a textbook for nurses / by Albert P. Seltzer 001 | |||
| 260 New York McGraw-Hill 1950 | |||
| 300 345 p. | |||
| 650 Laryngeal diseases - nursing | |||
| 998 1999-05-25 | |||
| คุณยังไม่ได้ล็อกอิน คุณสามารถมีกิจกรรมร่วมกับเว็บไซต์ได้ แต่ต้องล็อกอินก่อน :: |
|
| สถานะ | |||||||||
| 1. | หนังสือทั่วไป สถานะ=อยู่บนชั้นแสดงหนังสือ | WY158 S469 1950 | On Shelf ขอยืม | ||||||
| [แสดง 1/1 รายการ] | |||||||||
| รายการใกล้เคียง หัวเรื่อง [Laryngeal diseases - nursing] |
BibComment |
| คอมเมนท์ทรัพยากรรายการนี้ |
|
|